Search the Library Catalogue
| 000 -LEADER | |
|---|---|
| fixed length control field | 00734nam a2200217Ia 4500 |
| 008 - FIXED-LENGTH DATA ELEMENTS--GENERAL INFORMATION | |
| fixed length control field | 191130s2006##################000#0#eng## |
| 020 ## - INTERNATIONAL STANDARD BOOK NUMBER | |
| ISBN | 9780205452156 |
| 082 ## - DEWEY DECIMAL CLASSIFICATION NUMBER | |
| Classification number | 344.73071 ESS |
| 100 ## - MAIN ENTRY--AUTHOR NAME | |
| Personal name | Essex, Nathan L |
| 245 ## - TITLE STATEMENT | |
| Title | A teacher's pocket guide to school law |
| Statement of responsibility, etc | Nathan L. Essex |
| 260 ## - PUBLICATION, DISTRIBUTION, ETC. (IMPRINT) | |
| Place of publication | New Delhi |
| Name of publisher | Pearson Education |
| Year of publication | 2006 |
| 300 ## - PHYSICAL DESCRIPTION | |
| Number of Pages | xxiii, 215 p. ; 21 cm |
| 500 ## - GENERAL NOTE | |
| General note | Includes bibliographical references and index |
| 650 ## - SUBJECT ADDED ENTRY--TOPICAL TERM | |
| Topical Term | Educational law |
| Topical Term | Educational law and legislation - United States - Handbooks, manuals, etc |
| Topical Term | School management and organization - United States |
| 991 ## - | |
| -- | 342293 |
| Withdrawn status | Lost status | Damaged status | Not for loan | Home library | Current library | Date acquired | Full call number | Accession Number | Price effective from | Koha item type |
|---|---|---|---|---|---|---|---|---|---|---|
| Anna Centenary Library | Anna Centenary Library | 17.10.2020 | 344.73071 ESS | 213137 | 17.10.2020 | English Books |